| 000 | 00921nam a22002415a 4500 | ||
|---|---|---|---|
| 003 | OSt | ||
| 005 | 20161123135246.0 | ||
| 008 | 161123s2012 ua frb 000 0 ara d | ||
| 015 | _a2011/15091 | ||
| 040 |
_aEG-ScBUE _bara _cEG-ScBUE |
||
| 082 | 0 | 4 |
_a341.2477 _bأ ب و _222 |
| 100 | 1 | _aأبو الوفا، أحمد. | |
| 245 | 1 |
_aجامعة الدول العربية كمنظمة دولية إقليمية : _bدراسة قانونية / _cأحمد أبو الوفا. |
|
| 250 | _aط. 2. | ||
| 260 |
_aالقاهرة : _bدار النهضة العربية، _c2012. |
||
| 300 |
_a633 ص. ؛ _c24 سم. |
||
| 504 | _aيشتمل على إرجاعات ببليوجرافية. | ||
| 610 | 2 | 7 |
_aجامعة الدول العربية. _2BUEsh _931595 |
| 650 | 7 |
_aالمنظمات الدولية الإقليمية _xقوانين وتشريعات. _2BUEsh |
|
| 651 | _2BUEsh | ||
| 653 |
_bLLAAWW _cNovember2016 |
||
| 942 | _2ddc | ||
| 999 |
_c23290 _d23262 |
||